[Event "ICS rated bullet match"]
[Site "207.99.83.227"]
[Date "1999.03.21"]
[Round "?"]
[White "JSBach"]
[Black "Hossa"]
[Result "0-1"]
[WhiteElo "2085"]
[BlackElo "2393"]
[PlyCount "38"]

1. d4 Nf6 2. Nc3 d5 3. Bf4 Bf5 4. Nb5 Na6 5. e3 c6 6. Nc3 Nb4 7. Rc1 Qa5 8. a4
Na2 9. Bc7 b6 10. Qf3 Bg4 11. b4 Qxb4 12. Nge2 Nxc1 13. Qf4 Nxe2 14. Bxe2 Qxc3+
15. Kd1 Ne4 16. Qxe4 dxe4 17. Re1 e6 18. Bxg4 Bb4 19. Rh1 19... Qd2# {
JSBach checkmated} 0-1

[Event "ICS Rated blitz match"]
[Site "207.99.83.227"]
[Date "1999.03.21"]
[Round "?"]
[White "Viceroy"]
[Black "Hossa"]
[Result "0-1"]
[WhiteElo "2185"]
[BlackElo "2384"]
[PlyCount "34"]

1. e4 e5 2. Nf3 Nc6 3. Bc4 Bc5 4. O-O Nf6 5. d3 O-O 6. Nc3 d6 7. Bg5 Bg4 8. Nd5
Nd4 9. Nxf6+ gxf6 10. Bh6 Re8 11. Kh1 b5 12. Bb3 Bh5 13. h3 f5 14. c3 Nxf3 15.
gxf3 fxe4 16. dxe4 Qh4 17. Rg1+ 17... Bg6 {Viceroy resigns} 0-1

[Event "ICS Rated blitz match"]
[Site "207.99.83.227"]
[Date "1999.03.21"]
[Round "?"]
[White "Hossa"]
[Black "Gromit211"]
[Result "1/2-1/2"]
[WhiteElo "2392"]
[BlackElo "2534"]
[PlyCount "57"]

1. e4 c5 2. Bc4 e6 3. Nc3 a6 4. a4 Nf6 5. e5 d5 6. exd6 Bxd6 7. Nf3 Nbd7 8. d3
Nb6 9. Bb3 O-O 10. Bg5 Nbd5 11. Bxd5 exd5 12. Nxd5 Re8+ 13. Kf1 Be7 14. Nxe7+
Qxe7 15. Kg1 Be6 16. Qe2 h6 17. Bxf6 Qxf6 18. Qe5 Qxe5 19. Nxe5 Re7 20. f4 Rae8
21. Rc1 Bd5 22. c4 Bc6 23. a5 f6 24. Nxc6 Re1+ 25. Kf2 R1e2+ 26. Kg1 Re1+ 27.
Kf2 R1e2+ 28. Kg1 Re1+ 29. Kf2 {Game drawn by repetition} 1/2-1/2

[Event "ICS rated bullet match"]
[Site "207.99.83.227"]
[Date "1999.03.21"]
[Round "?"]
[White "Hossa"]
[Black "Gromit211"]
[Result "1-0"]
[WhiteElo "2398"]
[BlackElo "2357"]
[PlyCount "109"]

1. e4 e5 2. Nf3 Nf6 3. Nc3 Nc6 4. Bc4 Nxe4 5. Nxe4 d5 6. Bd3 dxe4 7. Bxe4 Bd6
8. Bxc6+ bxc6 9. O-O Bg4 10. Re1 Qf6 11. Re3 O-O 12. Qe2 Rfe8 13. Qc4 e4 14.
Nd4 Bf4 15. Re1 Be6 16. Nxe6 Qxe6 17. Qxe6 Rxe6 18. d3 Bxc1 19. Raxc1 Rb8 20.
b3 f5 21. dxe4 fxe4 22. Rcd1 Rf8 23. Rd4 Ref6 24. Re2 e3 25. f3 Rd6 26. Rxd6
cxd6 27. Rxe3 h5 28. Re6 Rf6 29. Rxf6 gxf6 30. g4 Kg7 31. gxh5 Kh6 32. a4 Kxh5
33. a5 d5 34. b4 Kh4 35. Kg2 d4 36. h3 f5 37. f4 a6 38. Kh2 Kh5 39. Kg3 Kh6 40.
Kf2 Kh5 41. Ke2 Kh4 42. Kd3 Kg3 43. Kxd4 Kxf4 44. c4 Kg3 45. b5 cxb5 46. cxb5
axb5 47. a6 Kxh3 48. a7 Kg3 49. a8=Q b4 50. Qf8 f4 51. Ke4 f3 52. Qxf3+ Kh2 53.
Qg4 Kh1 54. Kf3 b3 55. Qg2# {Gromit211 checkmated} 1-0

[Event "ICS rated blitz match"]
[Site "207.99.83.227"]
[Date "1999.03.21"]
[Round "?"]
[White "Gromit211"]
[Black "Hossa"]
[Result "1-0"]
[WhiteElo "2528"]
[BlackElo "2398"]
[Annotator "Crafty v16.6"]
[PlyCount "86"]

{annotating for player Hossa using a scoring margin of +0.10 pawns. search
time limit is 12.00} 1. d4 1... Nf6 2. c4 g6 3. f3 Bg7 4. e4 O-O 5. Nc3 Nc6 6.
g4 e5 7. d5 Nd4 8. Be3 Qe7 9. Qd2 d6 ({7:+0.33} 9... d6 10. O-O-O Bd7 11. Kb1
c5 12. Bh6 Bxh6 13. Qxh6 $15) ({7:+0.71} 9... c6 10. Bd3 cxd5 11. g5 Nh5 12.
Bxd4 exd4 13. Nxd5 $17) 10. O-O-O Bd7 11. h4 Ne8 12. h5 gxh5 ({7:-0.77} 12...
gxh5 13. Rxh5 c6 14. Bh6 Rd8 15. Kb1 Bxh6 16. Qxh6 16... Nf6 $16) ({7:-0.51} 
12... c6 13. Kb1 Nc7 14. h6 Bf6 15. g5 15... Bh8 $14) 13. gxh5 Kh8 14. h6 Bf6
15. Bh3 Bxh3 16. Rxh3 Rg8 17. Bxd4 exd4 18. Nce2 Qe5 19. Qb4 b6 20. Kb1 Rg2 21.
Qb3 Qg5 22. f4 Qg4 23. Qd3 a5 24. Rf1 a4 25. Rg3 Rxg3 26. Nxg3 a3 27. bxa3 Qh4
28. Nf5 Qh2 29. Nh3 Qg2 30. Re1 Ra4 31. e5 dxe5 32. fxe5 Bd8 33. Nxd4 Qg6 34.
Qxg6 fxg6 35. Nc6 Rxa3 36. Rf1 Kg8 37. Nxd8 Rxh3 38. Ne6 Rh1 39. Rxh1 Nf6 40.
exf6 Kf7 41. Rf1 g5 42. Nxg5+ Kg6 43. f7 Kxh6 1-0

[Event "ICS rated blitz match"]
[Site "207.99.83.227"]
[Date "1999.03.21"]
[Round "?"]
[White "sombra"]
[Black "Hossa"]
[Result "0-1"]
[WhiteElo "2329"]
[BlackElo "2388"]
[PlyCount "62"]

1. e4 e5 2. Nf3 Nc6 3. Bb5 a6 4. Ba4 Nf6 5. Qe2 b5 6. Bb3 Bc5 7. c3 O-O 8. d3
a5 9. Bg5 a4 10. Bc2 a3 11. b4 Be7 12. Nbd2 d5 13. O-O d4 14. cxd4 Nxd4 15.
Nxd4 Qxd4 16. Nf3 Qb2 17. Rfb1 Qc3 18. Bb3 Bg4 19. h3 Bxf3 20. Qxf3 Rad8 21.
Bxf6 Bxf6 22. Bd5 Bg5 23. Qd1 Rd6 24. Rb3 Qd4 25. Rxa3 Rf6 26. Qf1 Bh4 27. Kh1
c6 28. Bb3 Rxf2 29. Qd1 Qxb4 30. Ra7 Qd4 31. Rc1 31... Qxa7 {sombra resigns}
0-1

[Event "ICS rated blitz match"]
[Site "207.99.83.227"]
[Date "1999.03.21"]
[Round "?"]
[White "Hossa"]
[Black "sombra"]
[Result "0-1"]
[WhiteElo "2401"]
[BlackElo "2316"]
[Annotator "Crafty v16.6"]
[PlyCount "132"]

{annotating for player Hossa using a scoring margin of +0.10 pawns. search
time limit is 12.00} 1. e4 1... d6 2. d4 Nf6 3. Nc3 c6 4. Be2 Qa5 5. Bd2 Qb6 6.
Nf3 Nbd7 7. b3 ({9:+0.39} 7. b3 7... e5 8. dxe5 dxe5 9. O-O Be7 10. Be3 Qb4 11.
Qd3 11... O-O $14) ({9:+0.83} 7. Qc1 7... d5 8. exd5 cxd5 9. O-O e6 10. Bd3 Qd8
11. Nb5 11... Ne4 $16) 7... e6 8. O-O e5 9. dxe5 dxe5 10. Bc4 Be7 11. Be3 ({
8:+0.10} 11. Be3 11... Qc7 12. Ng5 O-O 13. Qf3 b5 14. Bd3 14... Qd6 $10) ({
8:+0.21} 11. Qe2 11... O-O 12. Bg5 Qc7 13. Rad1 Nb6 14. Bd3 14... Rd8 $10)
11... Qc7 12. Qd2 O-O 13. Qe2 ({8:-0.26} 13. Qe2 13... b5 14. Bd3 Nc5 15. a3
Nxd3 16. cxd3 Bg4 17. d4 $10) ({8:-0.14} 13. a3 13... b5 14. Bd3 Rd8 15. Rfd1
Nc5 16. Bxc5 Bxc5 17. Qg5 $10) 13... b5 14. Bd3 Bb7 15. Rad1 Rfe8 16. a4 a6 17.
Bg5 h6 18. Be3 Bf8 19. Qe1 Rad8 20. Nh4 Ng4 21. Bd2 Nc5 22. Be2 Nf6 23. Bf3 b4
24. Na2 a5 25. Qe3 Ba6 26. Rfe1 Ne6 27. c4 Bc5 28. Qe2 Nd4 29. Qd3 Nf5 30. Qxd8
Rxd8 31. Nxf5 Bc8 32. Nc1 Bxf5 33. exf5 Qb6 34. Be3 Rxd1 35. Bxd1 Bxe3 36. Rxe3
e4 37. Re1 Qd4 38. Ne2 Qd2 39. Rf1 h5 40. Ng3 h4 41. Ne2 Kf8 42. h3 Ke7 43. Kh1
Nd7 44. f3 e3 45. Nf4 Ne5 46. Kg1 Nd3 47. Nxd3 Qxd3 48. Re1 Qd2 49. Rf1 e2 50.
Bxe2 Qxe2 51. Rb1 Kf6 52. Kh2 Kxf5 53. Rg1 Kf4 54. c5 f5 55. Rc1 Qe3 56. Rb1
Qxc5 57. Rb2 Qc3 58. Rb1 Qc2 59. Rg1 Qxb3 60. Rc1 Qd5 61. Rc2 b3 62. Rc1 c5 63.
g3+ hxg3+ 64. Kg1 Qd4+ 65. Kh1 Qf2 66. Rxc5 Qf1# 0-1

[Event "ICS rated bullet match"]
[Site "207.99.83.227"]
[Date "1999.03.21"]
[Round "?"]
[White "Hossa"]
[Black "sicillianknight"]
[Result "0-1"]
[WhiteElo "2412"]
[BlackElo "2611"]
[Annotator "Crafty v16.6"]
[PlyCount "118"]

{annotating for player Hossa using a scoring margin of +0.10 pawns. search
time limit is 12.00} 1. e4 1... e5 2. Nf3 Nc6 3. Bb5 a6 4. Ba4 ({9:-0.15} 4.
Ba4 4... Bc5 5. O-O Nge7 6. c3 O-O 7. d4 Bd6 8. Bg5 $10) ({9:+0.11} 4. Bxc6
4... dxc6 5. Nc3 Qd6 6. d4 exd4 7. Nxd4 c5 8. Nf5 Qxd1+ 9. Kxd1 Ne7 10. Re1 $10
) 4... Nf6 5. O-O Be7 6. Re1 ({9:-0.09} 6. Re1 6... b5 7. Bb3 O-O 8. d4 exd4 9.
Nxd4 Na5 10. Nd2 Nxb3 11. N2xb3 $10) ({9:+0.23} 6. Bxc6 6... dxc6 7. Nxe5 Nxe4
8. Qe2 Ng5 9. Re1 Bf5 10. Nd3 10... Kf8 $10) 6... b5 7. Bb3 O-O 8. a4 Bb7 9.
axb5 axb5 10. Rxa8 Bxa8 11. d3 Bb7 12. Nc3 b4 13. Nd5 Na5 14. Nxe7+ ({8:-0.11} 
14. Nxe7+ 14... Qxe7 15. Ba4 c5 16. Bg5 d6 17. Nh4 Qe6 18. Nf5 18... Ra8 $10) (
{8:+0.39} 14. Ba2 14... d6 15. Nxb4 c5 16. Nd5 Nxd5 17. Bxd5 Bxd5 18. exd5
18... Bh4 $14) 14... Qxe7 15. Ba2 c5 16. Qd2 c4 17. dxc4 Nxe4 18. Qe2 Ra8 19.
Rd1 Bc6 20. Be3 Nb7 21. Bb1 Nbd6 22. Nd2 Qh4 23. Nb3 Nf5 24. Bb6 Rb8 25. Bc7
Rc8 26. Bxe5 Re8 27. Bc7 Ned6 28. Qd3 Qxc4 29. Nc1 Qc5 30. Bxd6 Nxd6 31. Nb3
Qg5 32. f3 Nf5 33. Qd2 Ne3 34. Qe2 Bb5 35. Rd3 Bxd3 36. cxd3 Qxg2+ 37. Qxg2
Nxg2 38. Kf2 Ne3 39. Nc5 Nd1+ 40. Kg3 Nxb2 41. Nxd7 Re1 42. Ba2 Nxd3 43. h4
Rg1+ 44. Kh2 Rg6 45. Bb1 Rd6 46. Nb8 b3 47. Kg3 Nc5 48. Bf5 Nd3 49. Nc6 b2 50.
Ne7+ Kf8 51. Nc8 b1=Q 52. Kh2 Qc2+ 53. Kh3 Rc6 54. Bxh7 Nf4+ 55. Kg4 Qxh7 56.
Na7 Rf6 57. Kg3 Qg6+ 58. Kf2 Qc2+ 59. Kg1 Qg2# 0-1

[Event "ICS rated bullet match"]
[Site "207.99.83.227"]
[Date "1999.03.21"]
[Round "?"]
[White "Entomber"]
[Black "Hossa"]
[Result "0-1"]
[WhiteElo "2205"]
[BlackElo "2404"]
[PlyCount "90"]

1. e4 e5 2. d4 exd4 3. Nf3 Bb4+ 4. c3 dxc3 5. Nxc3 Bxc3+ 6. bxc3 Nf6 7. e5 Ng8
8. Bc4 Nc6 9. O-O Nge7 10. Bg5 O-O 11. Qe2 Qe8 12. Bd3 Ng6 13. Rfe1 Qe6 14. h4
Re8 15. Bc4 Qg4 16. Rad1 Ngxe5 17. Nxe5 Qxe2 18. Bxf7+ Kh8 19. Rxe2 Rxe5 20.
Rxe5 Nxe5 21. Re1 d6 22. f4 h6 23. fxe5 hxg5 24. hxg5 dxe5 25. Re4 g6 26. Bxg6
Be6 27. Rxe5 Bxa2 28. Re7 Rc8 29. Bf5 Rf8 30. Be4 Rf7 31. Rxf7 Bxf7 32. Bxb7
Kh7 33. Be4+ Bg6 34. Bxg6+ Kxg6 35. Kf2 Kxg5 36. Ke3 Kg4 37. Kd4 c6 38. Kc5 a5
39. Kc4 Kg3 40. Kb3 Kxg2 41. Ka4 Kg3 42. Kxa5 Kf4 43. c4 Ke5 44. Kb6 Kd6 45.
Ka5 45... Kc5 {Entomber resigns} 0-1

[Event "ICS rated bullet match"]
[Site "207.99.83.227"]
[Date "1999.03.21"]
[Round "?"]
[White "Hossa"]
[Black "Entomber"]
[Result "1-0"]
[WhiteElo "2412"]
[BlackElo "2197"]
[PlyCount "55"]

1. e4 g6 2. Be2 Bg7 3. Nc3 d6 4. Nf3 Nf6 5. O-O O-O 6. d4 Nc6 7. d5 Ne5 8. Nxe5
dxe5 9. f4 exf4 10. Bxf4 c6 11. Be3 e6 12. Bc5 exd5 13. Bxf8 Qxf8 14. exd5 cxd5
15. Nb5 Be6 16. Nd4 Qc5 17. c3 Ne4 18. Qd3 Rc8 19. Bf3 Bxd4+ 20. cxd4 Qc4 21.
Bxe4 dxe4 22. Qxe4 Bd5 23. Qe5 Bc6 24. b3 Qc2 25. Rf2 Qc3 26. Raf1 Re8 27. Qd6
Re1 28. Rxf7 {Entomber resigns} 1-0

[Event "ICS rated bullet match"]
[Site "207.99.83.227"]
[Date "1999.03.21"]
[Round "?"]
[White "Entomber"]
[Black "Hossa"]
[Result "0-1"]
[WhiteElo "2190"]
[BlackElo "2419"]
[PlyCount "76"]

1. d4 Nf6 2. c4 g6 3. Nc3 Bg7 4. e4 d6 5. Nf3 Bg4 6. Be2 O-O 7. Be3 Nc6 8. O-O
Qe8 9. d5 Bxf3 10. Bxf3 Ne5 11. Be2 c5 12. f4 Ned7 13. Bf3 Rc8 14. Kh1 Rd8 15.
a4 Nb6 16. Qe2 e5 17. fxe5 Qxe5 18. a5 Nc8 19. Bf2 Rfe8 20. Bg3 Qe7 21. Qd2 Nd7
22. a6 bxa6 23. Rxa6 Kh8 24. Nb5 Ne5 25. Rfa1 Nxc4 26. Qe2 Nxb2 27. Nxa7 Nxa7
28. Rxa7 Qf8 29. R1a2 Rb8 30. h3 Kg8 31. Rd7 Rb6 32. Bxd6 Rxd6 33. Rxd6 Qxd6
34. Rxb2 Bxb2 35. Qxb2 f5 36. Qc2 fxe4 37. Bxe4 Qf4 38. Bf3 38... Re1# {
Entomber checkmated} 0-1

[Event "ICS rated bullet match"]
[Site "207.99.83.227"]
[Date "1999.03.21"]
[Round "?"]
[White "Hossa"]
[Black "Entomber"]
[Result "1-0"]
[WhiteElo "2426"]
[BlackElo "2183"]
[PlyCount "53"]

1. e4 g6 2. Be2 Bg7 3. Nc3 c6 4. Nf3 d5 5. exd5 cxd5 6. Bb5+ Nc6 7. O-O Nf6 8.
Ne5 O-O 9. Nxc6 bxc6 10. Bxc6 Rb8 11. d3 e6 12. d4 Qb6 13. Ba4 Ne4 14. Nxe4
dxe4 15. c3 Bb7 16. Bc2 Rbd8 17. Qg4 e5 18. dxe5 Bxe5 19. Bh6 Rfe8 20. Bg5 f5
21. Bxd8 Qxd8 22. Qh3 Qg5 23. Rad1 Bc6 24. Bb3+ Kg7 25. Bd5 Bb5 26. c4 Ba6 27.
Qa3 {Entomber resigns} 1-0

[Event "ICS rated bullet match"]
[Site "207.99.83.227"]
[Date "1999.03.21"]
[Round "?"]
[White "Entomber"]
[Black "Hossa"]
[Result "0-1"]
[WhiteElo "2177"]
[BlackElo "2432"]
[PlyCount "24"]

1. e4 e5 2. Nc3 Nf6 3. Nf3 Bb4 4. a3 Bxc3 5. dxc3 O-O 6. Bd3 d5 7. Bg5 dxe4 8.
Bxf6 Qxf6 9. Bxe4 Rd8 10. Qe2 Qb6 11. b4 f5 12. Nxe5 12... fxe4 {
Entomber resigns} 0-1

[Event "ICS rated bullet match"]
[Site "207.99.83.227"]
[Date "1999.03.21"]
[Round "?"]
[White "Hossa"]
[Black "Entomber"]
[Result "1-0"]
[WhiteElo "2438"]
[BlackElo "2171"]
[PlyCount "43"]

1. e4 c5 2. Bc4 Nc6 3. Nf3 e6 4. O-O d5 5. exd5 exd5 6. Re1+ Be7 7. Bb5 Nf6 8.
Ne5 Bd7 9. Nxd7 Qxd7 10. Qe2 O-O 11. d3 Bd6 12. Qf3 a6 13. Bxc6 Qxc6 14. Bg5
Rfe8 15. Nc3 Be7 16. Bxf6 Bxf6 17. Nxd5 Bxb2 18. Rab1 Bd4 19. Re7 Qg6 20. Rbxb7
Rab8 21. Rxe8+ Rxe8 22. Ne7+ {Entomber resigns} 1-0

[Event "ICS rated bullet match"]
[Site "207.99.83.227"]
[Date "1999.03.21"]
[Round "?"]
[White "Entomber"]
[Black "Hossa"]
[Result "0-1"]
[WhiteElo "2165"]
[BlackElo "2444"]
[PlyCount "68"]

1. e4 c5 2. Nf3 Nc6 3. d4 cxd4 4. Nxd4 Qb6 5. Nb3 Nf6 6. Nc3 d6 7. Be3 Qc7 8.
Be2 e6 9. O-O Be7 10. f4 O-O 11. Bf3 Bd7 12. Qe1 Rac8 13. Rd1 Kh8 14. Qg3 Ne8
15. Kh1 Bf6 16. f5 Bxc3 17. bxc3 Qd8 18. fxe6 Bxe6 19. Nd4 Qa5 20. Nf5 Qxa2 21.
Nxd6 Nxd6 22. Rxd6 Qxc2 23. Rfd1 Qxc3 24. Bf4 Rfe8 25. h4 a6 26. h5 Bb3 27.
R1d3 Qa1+ 28. Kh2 Bc2 29. Rd2 Bxe4 30. h6 Bxf3 31. Qxf3 Re1 32. Qd3 Rh1+ 33.
Kg3 gxh6 34. Rd8+ 34... Rxd8 {Entomber resigns} 0-1

[Event "ICS rated bullet match"]
[Site "207.99.83.227"]
[Date "1999.03.21"]
[Round "?"]
[White "Hossa"]
[Black "Entomber"]
[Result "1-0"]
[WhiteElo "2449"]
[BlackElo "2160"]
[PlyCount "37"]

1. e4 d6 2. d4 Nf6 3. Nc3 g6 4. Nf3 Bg7 5. Bb5+ c6 6. Be2 O-O 7. O-O Nbd7 8.
Bf4 Qe8 9. Rc1 e5 10. dxe5 dxe5 11. Be3 h6 12. Qe1 Qe6 13. Rd1 Ng4 14. Bd2 f5
15. Nh4 f4 16. h3 Ngf6 17. Nxg6 Re8 18. Bf3 Nc5 19. b4 {Entomber resigns} 1-0

[Event "ICS rated blitz match"]
[Site "207.99.83.227"]
[Date "1999.03.21"]
[Round "?"]
[White "rajah"]
[Black "Hossa"]
[Result "1-0"]
[WhiteElo "2535"]
[BlackElo "2381"]
[Annotator "Crafty v16.6"]
[PlyCount "193"]

{annotating for player Hossa using a scoring margin of +0.10 pawns. search
time limit is 12.00} 1. e4 1... c5 2. c3 e5 3. Bc4 Nf6 4. Qf3 d6 5. Ne2 Bg4 6.
Qe3 Be7 7. O-O O-O 8. f3 Be6 ({9:-0.40} 8... Be6 9. Bxe6 fxe6 10. Na3 Nc6 11.
Nb5 d5 12. Ng3 dxe4 13. Nxe4 13... Qd5 $14) ({9:-0.12} 8... Bh5 9. Na3 Nc6 10.
Ng3 Bg6 11. Nf5 Bxf5 12. exf5 d5 13. Bd3 $10) 9. Bxe6 fxe6 10. d3 Nc6 11. Nd2
Qe8 ({8:-0.44} 11... Qe8 12. Nc4 d5 13. exd5 Nxd5 14. Qe4 Nf6 15. Qe3 15... Nd5
$14) ({8:-0.26} 11... d5 12. Ng3 Qd6 13. c4 Nd4 14. Rb1 Rad8 15. Rd1 dxc4 16.
dxc4 $10) 12. b3 Rd8 ({9:-0.40} 12... Rd8 13. Ba3 d5 14. Bxc5 Bxc5 15. Qxc5
dxe4 16. Nxe4 Rxd3 17. Nd6 17... Qe7 $14) ({9:-0.22} 12... d5 13. Nb1 Qd7 14.
Ba3 d4 15. Qd2 dxc3 16. Nbxc3 Nd4 17. Rac1 $10) 13. Bb2 Qh5 ({8:-0.55} 13...
Qh5 14. Ng3 Qf7 15. Rfd1 d5 16. Rac1 d4 17. Qg5 dxc3 18. Rxc3 $14) ({8:-0.08} 
13... d5 14. Nc1 d4 15. Qe1 dxc3 16. Bxc3 Nd4 17. Bxd4 exd4 18. Nc4 $10) 14.
Ng3 Qh4 15. Rae1 Rf7 ({9:-0.39} 15... Rf7 16. c4 Nd7 17. Qf2 Bg5 18. a3 Bf4 19.
Bc3 Bxg3 20. hxg3 $14) ({9:-0.17} 15... Nh5 16. Nxh5 Qxh5 17. c4 Bg5 18. Qe2
Bf4 19. h3 Qh4 20. a3 $10) 16. Rf2 Rdf8 17. Ref1 Nd7 18. Re2 Bg5 19. Qf2 Bf4
20. Nc4 Rf6 21. Ne3 Rg6 22. Ng4 h5 23. Ne3 Nb6 24. c4 Bxg3 25. hxg3 Rxg3 26.
Qe1 Nb4 27. Qd2 Qh3 28. Rff2 Rf4 29. Rf1 Rh4 30. Kf2 Qh2 31. Ke1 Nc6 32. Kd1
Nd4 33. Ree1 Rg6 34. Kc1 Qf4 35. Rh1 Rh2 36. Rxh2 Qxh2 37. Qa5 Qh4 38. Qd2 Rf6
39. Rd1 Rf8 40. Kb1 Qh2 41. Qa5 Nc8 42. Qc7 Qf4 43. Re1 Qh4 44. Rf1 Qg5 45. Re1
b5 46. cxb5 Qh4 47. Rf1 Qf4 48. Re1 Qg5 49. Qb8 Qh4 50. Rf1 Qf4 51. Nc4 Qg5 52.
Rf2 Qg3 53. Bxd4 exd4 54. Re2 Qh2 55. Rc2 h4 56. Qc7 Qg1+ 57. Kb2 d5 58. Ne5
Qh2 59. Qb8 dxe4 60. fxe4 Kh7 61. Qc7 Qg3 62. Ka3 Kg8 63. Qxc5 Rd8 64. Nc6 Rd7
65. Nxd4 Ne7 66. Nc6 Nc8 67. Qe5 Qg6 68. Qb8 Qe8 69. Kb2 Nd6 70. Qxe8+ Nxe8 71.
a4 Nf6 72. Ne5 Re7 73. Ng6 Rb7 74. Rc8+ Kf7 75. Ne5+ Ke7 76. Ra8 Nh5 77. Nc6+
Kd6 78. Rxa7 Rxa7 79. Nxa7 Nf4 80. d4 e5 81. dxe5+ Kxe5 82. b6 Nd3+ 83. Kc2
Kxe4 84. b7 Nb4+ 85. Kd1 Na6 86. Nc6 Kf4 87. b4 Kg3 88. b5 Nc5 89. b8=Q+ Kxg2
90. Qe5 Nxa4 91. Qxg7+ Kh1 92. Qg4 Nc3+ 93. Ke1 Kh2 94. Qxh4+ Kg2 95. Qg4+ Kh2
96. Kf1 Nxb5 97. Qg2# 1-0

[Event "ICS rated blitz match"]
[Site "207.99.83.227"]
[Date "1999.03.21"]
[Round "?"]
[White "Hossa"]
[Black "PostModernist"]
[Result "0-1"]
[WhiteElo "2348"]
[BlackElo "2510"]
[Annotator "Crafty v16.6"]
[PlyCount "75"]

{annotating for player Hossa using a scoring margin of +0.10 pawns. search
time limit is 12.00} 1. e4 1... c5 2. Bc4 e6 3. Nc3 Nc6 4. Nf3 d6 5. d4 Nxd4 6.
Nxd4 cxd4 7. Qxd4 Nf6 8. Bb5+ ({8:+0.45} 8. Bb5+ 8... Bd7 9. O-O Be7 10. Bg5
O-O 11. Rad1 e5 12. Qd3 $14) ({8:+0.78} 8. Bg5 8... Be7 9. O-O-O e5 10. Qd3 Bg4
11. f3 11... Be6 $16) 8... Bd7 9. Bg5 Bxb5 10. Bxf6 Qxf6 11. Qxf6 gxf6 12. Nxb5
Kd7 13. O-O-O ({9:-0.15} 13. O-O-O 13... a6 14. Nd4 Bh6+ 15. Kb1 Rac8 16. g3
Rc4 17. f4 17... Rhc8 $10) ({9:+0.20} 13. Ke2 13... Rc8 14. Kd3 Rc5 15. c4 f5
16. Rhe1 Bg7 17. Rab1 $10) 13... a6 14. Nd4 b5 15. f4 ({9:+0.03} 15. f4 15...
e5 16. Nf5 exf4 17. Kd2 Rg8 18. Rhg1 Re8 19. Kd3 $10) ({9:+0.19} 15. g3 15...
Bh6+ 16. f4 Rac8 17. Kd2 Rc4 18. Kd3 Rg8 19. b3 19... Rc5 $10) 15... e5 16. Ne2
Re8 17. Rhe1 h5 18. Rd5 h4 19. fxe5 fxe5 20. Rf1 Ke6 21. g4 hxg3 22. hxg3 Be7
23. Kd2 Rh2 24. Kd3 Reh8 25. Rf3 Rg2 26. Nc3 Rhh2 27. Nb1 Rxc2 28. b3 Rhg2 29.
g4 Rxa2 30. Kc3 Rgc2+ 31. Kd3 Rcb2 32. Rf1 Rxb3+ 33. Nc3 Bg5 34. Rf2 Rxf2 35.
Rxd6+ Ke7 36. Re6+ Kd7 37. Rd6+ Ke8 38. Re6+ 0-1

[Event "ICS rated bullet match"]
[Site "207.99.83.227"]
[Date "1999.03.21"]
[Round "?"]
[White "Hossa"]
[Black "KillerGrob"]
[Result "0-1"]
[WhiteElo "2459"]
[BlackElo "2689"]
[Annotator "Crafty v16.6"]
[PlyCount "178"]

{annotating for player Hossa using a scoring margin of +0.10 pawns. search
time limit is 12.00} 1. e4 1... c5 2. Bc4 e6 3. Nc3 a6 4. a4 ({9:+0.06} 4. a4
4... Nf6 5. e5 d5 6. exd6 Bxd6 7. Nf3 Nc6 8. O-O 8... O-O $10) ({9:+0.32} 4.
Nf3 4... Nc6 5. d4 b5 6. Be2 b4 7. Na4 cxd4 8. Nxd4 8... Nge7 $14) 4... Nc6 5.
Nf3 Nf6 6. O-O Bd6 7. d4 cxd4 8. Nxd4 Qc7 9. h3 ({8:-0.39} 9. h3 9... Bh2+ 10.
Kh1 Be5 11. Be3 O-O 12. Re1 Nxd4 13. Bxd4 Qd6 14. Bxe5 14... Qxe5 $15) ({
8:-0.16} 9. Kh1 9... Be5 10. Nde2 O-O 11. f4 Bd6 12. e5 Na5 13. exf6 Nxc4 14.
fxg7 14... Kxg7 $10) 9... Bh2+ 10. Kh1 Be5 11. Nde2 ({8:-0.50} 11. Nde2 11...
Nd4 12. Bf4 Bxf4 13. Qxd4 Be5 14. Qd3 14... O-O $15) ({8:-0.37} 11. Be3 11...
O-O 12. f4 Bxd4 13. Bxd4 Nxd4 14. Qxd4 Nh5 15. Ne2 15... Qd8 $15) 11... O-O 12.
Bg5 Nd4 13. Nxd4 Qxc4 14. Bxf6 ({9:-0.69} 14. Bxf6 14... Bxf6 15. Nde2 Qb4 16.
Rb1 Be5 17. Kg1 Qe7 18. Qd3 18... Qh4 $15) ({9:-0.55} 14. Be3 14... d5 15. Qd3
Qxd3 16. cxd3 Rd8 17. Rad1 Bd7 18. exd5 Nxd5 19. Nxd5 19... exd5 $15) 14...
Bxf6 15. Nde2 Qb4 16. Qc1 b6 17. Rd1 Be5 18. f4 Bc7 19. e5 Rd8 20. a5 bxa5 21.
Ra4 Qc5 22. Ne4 Qe7 23. N2c3 Bb7 24. Nd6 Bc6 25. Rc4 Rab8 26. Nce4 Bxd6 27.
Nxd6 Qh4 28. Kh2 Qf2 29. Rd2 Qb6 30. b3 Qe3 31. Rcd4 Bd5 32. Qa1 a4 33. bxa4 a5
34. h4 Rf8 35. Qg1 Qa3 36. R2d3 Qa2 37. Rd2 Rb2 38. Qc1 Rfb8 39. Qd1 Bc6 40.
Nb5 Rd8 41. c3 Rxd2 42. Rxd2 Qc4 43. Rd4 Qc5 44. c4 Rb8 45. Kh1 Rb7 46. Qd3 Qe7
47. Qg3 Qb4 48. Nd6 Rb8 49. Rd1 Qxa4 50. Qe1 Qa3 51. Rd2 Qh3+ 52. Kg1 Qg4 53.
Qf2 Rb1+ 54. Kh2 Bxg2 55. Qg3 Rh1+ 56. Kxg2 Rg1+ 57. Kxg1 Qxg3+ 58. Kf1 Qxf4+
59. Rf2 Qxe5 60. Nxf7 Qd4 61. c5 Qxh4 62. Nd6 Qh1+ 63. Ke2 Qh5+ 64. Rf3 Qxc5
65. Rd3 h5 66. Nb7 Qc2+ 67. Ke3 Qc1+ 68. Rd2 Qg1+ 69. Kf3 Qg4+ 70. Ke3 Qg5+ 71.
Ke2 Qg2+ 72. Ke3 Qxb7 73. Rd3 d5 74. Kf3 d4+ 75. Ke2 Qe4+ 76. Kd2 Qxd3+ 77.
Kxd3 e5 78. Ke4 a4 79. Kd3 a3 80. Kc2 a2 81. Kb2 d3 82. Kxa2 d2 83. Kb3 d1=Q+
84. Kc4 h4 85. Kc5 h3 86. Kc4 h2 87. Kb5 h1=Q 88. Kc5 Qb7 89. Kc4 Qd4# 0-1

[Event "ICS rated blitz match"]
[Site "207.99.83.227"]
[Date "1999.03.22"]
[Round "?"]
[White "Jan"]
[Black "Hossa"]
[Result "1-0"]
[WhiteElo "2142"]
[BlackElo "2339"]
[Annotator "Crafty v16.6"]
[PlyCount "98"]

{annotating for player Hossa using a scoring margin of +0.10 pawns. search
time limit is 12.00} 1. e4 1... d6 2. d4 e6 3. Nc3 Nf6 4. Nf3 Be7 5. Bd3 O-O 6.
O-O Nc6 7. a3 e5 8. d5 Nb8 9. Ne2 Nbd7 10. c4 Nc5 11. Ng3 Nxd3 12. Qxd3 Bg4 13.
h3 Bd7 14. b4 Qe8 ({8:-0.23} 14... Qe8 15. Bg5 Qd8 16. Rac1 Re8 17. Rfe1 a5 18.
b5 $10) ({8:+0.02} 14... a6 15. Bd2 Rc8 16. Rad1 c6 17. dxc6 Bxc6 18. Bg5 18...
Ba4 $10) 15. Bb2 Qc8 ({8:-0.35} 15... Qc8 16. Nh4 a5 17. Nhf5 Qe8 18. b5 Rd8
19. Nxe7+ Qxe7 20. a4 $14) ({8:+0.00} 15... Rc8 16. Qe3 a6 17. Qa7 Rb8 18. Qe3
18... Rc8 $10) 16. c5 Qe8 17. Rfe1 Rb8 18. Rac1 Rc8 19. Nd2 Qd8 20. Nc4 Bb5 21.
Nf5 Kh8 22. a4 Be8 23. b5 dxc5 24. Nxe5 Rg8 25. Qf3 Nd7 26. Nxd7 Qxd7 27. Qg4
Bf8 28. Re3 f6 29. e5 fxe5 30. Bxe5 c6 31. dxc6 bxc6 32. Rd1 h5 33. Rxd7 hxg4
34. Rxa7 Rd8 35. b6 c4 36. hxg4 Kh7 37. b7 Bc5 38. Rh3+ Kg6 39. Nh4+ Kh7 40.
Ra8 Bd7 41. Nf3+ Kg6 42. Rxd8 Rxd8 43. Bc7 Bxg4 44. Ne5+ Kf5 45. Bxd8 Bd6 46.
Nxc4 Bb8 47. Ne3+ Kg6 48. Nxg4 c5 49. Rh8 c4 1-0